000 00480nam a2200169Ia 4500
008 230917s9999||||xx |||||||||||||| ||und||
020 _cRS3995
040 _e208387
_aMAIN
041 _aEnglish
082 _a515.353 S44P
100 _aSolin, Pavel
245 0 _aPartial differential equation and the finite element methods
260 _aNew Delhi
_bWiley India
_c2013
300 _axxvii, 472 p.
500 _a60 15/01/2014 C-7235 23/01/2014 Mathematics (NBHM)
942 _cBK
999 _c11008
_d11008